| 000 | 004230000a22001810004500 | ||
|---|---|---|---|
| 003 | MACL | ||
| 005 | 20150828143439.0 | ||
| 008 | 150828b xxu||||| |||| 00| 0 eng d | ||
| 040 |
_aMACL _cMACL |
||
| 041 | _aEnlglish | ||
| 082 | _a740/MUN | ||
| 100 |
_aMunuswamy, L _97876 |
||
| 245 | _aMunuswamy, L | ||
| 260 |
_bLalit Kala Academy _c1985 _aNew Delhi |
||
| 350 | _a20 | ||
| 650 |
_aDrawings _97738 |
||
| 942 |
_cBK _k740 _2ddc |
||
| 999 |
_c6234 _d6234 |
||